Statistics for A-Z Of Animals!

Click here to take the quiz!

General Stats

  • This quiz has been taken 240 times
    (220 since last reset)
  • The average score is 19 of 26

Answer Stats

HintAnimal% Correct
Insect that makes honey (B)Bee
97%
fastest land animal (C)Cheetah
93%
Mammal famous for its long neck (G)Giraffe
93%
mammal that eats ants(A)Anteater
92%
Animal that hunts chickens and rabbits (F)Fox
90%
Laughing animal (H)Hyena
88%
Invertebrate with tentacles that sting (J)Jellyfish
88%
Bird abit smaller than the ostrich (E)Emu
85%
Monkey with a ringed tail (L)Lemur
85%
Big black cat(P)Panther
85%
Striped mammal that lives in africa (Z)Zebra
85%
Wild dog that lives in Australia (D)Dingo
84%
Mammal that eats eucalyptus leaves (K)Koala
84%
Animal that howls to the moon (W)Wolf
84%
Cattle found in the mountains (Y)Yak
79%
Rodent with long tail(R)rat
78%
Whale with pointy horn (N)Narwhal
77%
Twit twoo(O)Owl
70%
Little bird (Q)Quail
70%
Animal simular to the gazelle (I)Impala
62%
Blood sucking mammal (V)Vampire bat
62%
Little black mammal that lives in Australia (T)Tasmanian devil
50%
Bird that is said to have bad luck (M)Magpie
40%
Wild cat with big ears (S)Serval
28%
Bird found in forests in south america (U)Umbrellabird
18%
See through fish (X)X-ray tetra
15%

Score Distribution

Percentile by Number Answered

Percent of People with Each Score

Your Score History

You have not taken this quiz since the last reset